00558nam a2200157Ia 450000500170000000800410001708200130005810000190007124500510009026000480014130000200018950000730020994200060028295200970028899900150038520250214013223.0240331s9999 xx 000 0 und d bMAHa954 aGeiger, W. tr. 4aThe mahavamsa or the great chronicle of Ceylon aNew DelhibAsian Educational Servicesc1986 alxiii, 300 p ., aMahavamsa and the development of the historical tradition in Ceylon. cL 001040708LaWERCLbWERCLcSSCd2024-03-31l0o 954.93 MAHp544r2024-03-31w2024-03-31yL c3484d3484